| 000 | 00696cam a22001457a 4500 | ||
|---|---|---|---|
| 040 | _cDLC | ||
| 082 | _a711 UNI 2011 A088 Or. | ||
| 245 | 0 | 0 |
_aSupporting inclusive, sustainable, and resilient development _bthe United Nations Development Assistance Framework for the Philippines, 2012-2018. |
| 246 | 3 | 0 | _aUnited Nations Development Assistance Framework for the Philippines, 2012-2018 |
| 260 |
_aMakati City, Philippines : _bUnited Nations System in the Philippines, _cc2011. |
||
| 300 |
_a1 online resource (xii, 83 p.) : _bPDF |
||
| 710 | 2 | _aUnited Nations System in the Philippines. | |
| 856 | 4 | 0 | _uhttp://www.undp.org.ph/Downloads/knowledge_products/UnitedNations/UNDAF-FINAL-1.pdf |
| 942 | _cEK | ||
| 999 |
_c15130 _d15130 |
||